|
|
|
|
| LEADER |
00000cam a2200000 a 4500 |
| 001 |
vtls001331282 |
| 003 |
SK-MaSNL |
| 005 |
20260301065902.0 |
| 008 |
180812s1946 xo 0000f slo |
| 015 |
|
|
|a SNBA1946
|
| 035 |
|
|
|a SNK000284161
|
| 040 |
|
|
|a SNK
|b slo
|c SNK
|e AACR2
|
| 041 |
0 |
|
|a slo
|
| 044 |
|
|
|a xo
|c SK
|
| 080 |
|
|
|a 885.4-3
|2 1981
|
| 100 |
1 |
|
|a Figuli, Margita,
|d 1909-1995
|4 aut
|9 54155
|
| 245 |
1 |
|
|a Babylon
|n diel I
|c Margita Figuli ; [obálka Viliam Chmel]
|
| 260 |
|
|
|a Turčiansky Sv. Martin
|b Matica slovenská
|c 1946
|
| 300 |
|
|
|a 249 s.
|c 8°
|
| 490 |
1 |
|
|a Knižnica slovenských pohľadov
|v sv. 117-120
|
| 655 |
|
7 |
|a slovenské romány
|2 SNKPH
|9 70324
|
| 700 |
1 |
|
|a Chmel, Viliam,
|d 1917-1961
|4 ill
|9 39127
|
| 830 |
|
0 |
|a Knižnica slovenských pohľadov
|9 301337
|
| 958 |
|
|
|a OND
|
| 958 |
|
|
|a LX
|
| 999 |
|
|
|c 632349
|d 634279
|
| 952 |
|
|
|t P60, <05>, [BOOK], {605}
|a SNK
|b SNK
|y PREZ
|7 0
|p 17A0140201
|o snkSD 622/117 D1
|0 0
|1 0
|4 0
|d 1998-05-15
|l 0
|r 2005-01-02 00:00:00
|w 2026-02-23
|
| 952 |
|
|
|t P60, <03>, [BOOK], {603}
|a SNK
|b SNK
|y PREZ
|7 0
|p 17A0211653
|o snkSD 622/117
|0 0
|1 0
|4 0
|d 1999-09-22
|l 0
|r 2025-10-20 00:00:00
|w 2026-02-23
|
| 952 |
|
|
|a SNKLM
|b SNKLM
|y NEVYP
|7 0
|o snklmMK 2657
|i snklm351/81
|8 3
|0 0
|1 0
|4 0
|d 2006-01-20
|l 0
|r 2026-02-23 17:28:04
|w 2026-02-23
|
| 952 |
|
|
|a SNKLM
|b SNKLM
|y NEVYP
|7 0
|o snklmMK 1214
|i snklm104/79
|8 7
|0 0
|1 0
|4 0
|d 2005-07-13
|l 0
|r 2026-02-23 17:28:04
|w 2026-02-23
|